Members of the Legion of Doom - Statistics

General Stats
  • This quiz has been taken 6 times
  • The average score is 44 of 151
Answer Stats
Answer % Correct
Brainwave, Jr. (Henry King, Jr.)
100%
Catwoman (Selina Kyle)
100%
Lena Luthor
100%
Lex Luthor
100%
Riddler (Edward Nygma)
100%
The Joker
100%
Black Manta (David Hyde)
80%
Captain Cold (Leonard Snart)
80%
Clayface (Basil Karlo)
80%
Clayface (Matthew Hagen)
80%
Gorilla Grodd
80%
Harley Quinn (Harleen Quinzel)
80%
Mister Freeze (Victor Fries)
80%
Poison Ivy (Pamela Isley)
80%
Reverse-Flash (Eobard Thawne)
80%
Scarecrow (Jonathan Crane)
80%
Solomon Grundy (Cyrus Gold)
80%
Thaal Sinestro
80%
The Penguin (Oswald Cobblepot)
80%
Bane
60%
Bizarro
60%
Brainiac (Vril Dox)
60%
Cheetah (Barbara Minerva)
60%
Cheetah (Priscilla Rich)
60%
Clock King (William Tockman)
60%
Dark Archer (Malcolm Merlyn)
60%
Deathstroke (Slade Wilson)
60%
Heat Wave (Mick Rory)
60%
Killer Croc (Waylon Jones)
60%
Killer Moth (Drury Walker)
60%
King Shark (Nanaue)
60%
Mad Hatter (Jervis Tetch)
60%
Man-Bat (Kirk Langstrom)
60%
Parasite (Maxwell Jensen)
60%
Parasite (Rudolph Jones)
60%
Ra's al Ghul
60%
Talia al Ghul
60%
The Shark (Karshon)
60%
Trickster (Axel Walker)
60%
Two-Face (Harvey Dent)
60%
Black Adam (Teth-Adam)
40%
Composite Superman (Joseph Meach)
40%
Condiment King (Mitchell Mayo)
40%
Cyborg Superman (Henry Henshaw)
40%
Deadshot (Floyd Lawton)
40%
Doctor Psycho (Edgar Cizko)
40%
Firefly (Garfield Lynns)
40%
Giganta (Doris Zeul)
40%
Livewire (Leslie Willis)
40%
Metallo (John Corben)
40%
Mirror Master (Evan McCulloch)
40%
Mirror Master (Samuel Scudder)
40%
Ocean Master (Orm Marius)
40%
Professor Pyg (Lazlo Valentin)
40%
Superboy-Prime (Kal-El)
40%
The Batman Who Laughs (Bruce Wayne)
40%
Toyman (Jack Nimball)
40%
Toyman (Winslow Schott)
40%
Toyman (Winslow Schott, Jr.)
40%
Air Wave (Harold Levey)
20%
Amazo
20%
Black Hand (William Hand)
20%
Bloodsport (Robert DuBois)
20%
Calendar Man (Julian Day)
20%
Captain Boomerang (George Harkness)
20%
Cock King
20%
Codpiece
20%
Damien Darhk
20%
Doctor Cyber
20%
Doctor Destiny (John Dee)
20%
Doctor Sivana (Thaddeus Sivana)
20%
Enchantress (June Moone)
20%
Frank the Plant
20%
Hush (Thomas Elliot)
20%
Indigo (Brainiac 8)
20%
James Gordon
20%
KGBeast (Anatoli Knyazev)
20%
Killer Frost (Caitlin Snow)
20%
Kite Man (Charles Brown)
20%
Major Force (Clifford Zmeck)
20%
Maxie Zeus (Maximillian Zeus)
20%
Mister Mxyzptlk
20%
Nora Fries
20%
Polka Dot Man (Abner Krill)
20%
Rip Hunter
20%
Silver Banshee (Siobhan Smythe)
20%
Starro
20%
The Shade (Richard Swift)
20%
Thinker (Clifford DeVoe)
20%
Top (Roscoe Dillon)
20%
Turtle
20%
Vandal Savage
20%
Volcana (Claire Selton)
20%
Weather Wizard (Marco Mardon)
20%
Angle Man (Angelo Bend)
0%
Atomic Skull (Joseph Martin)
0%
Black Mass (Geoffrey Thibodeux)
0%
Blockbuster (Mark Desmond)
0%
Bronze Tiger (Benjamin Turner)
0%
Cheshire (Jade Nguyen)
0%
Copperhead
0%
Crowbar (Malcolm Tandy)
0%
Cythonna
0%
Devil Ray
0%
Electrocutioner (Lester Buchinsky)
0%
Doctor Polaris (Neal Emerson)
0%
Doctor Spectro (Thomas Emery)
0%
Doctor Trap (Lawrence Trapp)
0%
Doomsday
0%
Dummy
0%
Evil Star
0%
Fastball (John Malone)
0%
Felix Faust
0%
Gentleman Ghost (James Craddock)
0%
Golden Glider (Lisa Snart)
0%
Goldface (Keith Kenyon)
0%
Headcase (Bernard Venton)
0%
Hellgrammite (Roderick Rose)
0%
Houngan (Jean-Louis Droo)
0%
Inertia
0%
Javelin
0%
Key
0%
Killer Frost (Louise Lincoln)
0%
Lady Lunar (Stacy Macklin)
0%
Lashina
0%
Madman (Farley Fleeter)
0%
Major Disaster (Paul Booker)
0%
Malefic (Ma'alefa'ak J'onzz)
0%
Mercy Graves
0%
Neutron
0%
Nightfall
0%
Persuader (Elise Kimble)
0%
Psycho-Pirate (Roger Hayden)
0%
Punchline (Alexis Kaye)
0%
Puppeteer (Jordan Weir)
0%
Puzzler
0%
Queen Bee (Zazzala)
0%
Rampage (Karen Lou Faulkner)
0%
Roulette
0%
Snowflame
0%
Sonar (Bito Wladon)
0%
Sportsmaster (Lawrence Crock)
0%
Star Sapphire (Carol Ferris)
0%
Sungirl (Deborah Morgna)
0%
Tattooed Man (Abel Tarrant)
0%
Tefé Holland
0%
Terra (Atlee)
0%
The Rookie
0%
Toymaster
0%
Tsukuri
0%
Zookeeper (Samuel Register)
0%
No matching quizzes found
Score Distribution
Percent of People with Each Score
Percentile by Number Answered
Your Score History
You have not taken this quiz